Proyecto para el núcleo de servicios turísticos para la isla de Mezcala /

Kaydedildi:
Detaylı Bibliyografya
Yazar: Moreno Charfen, Laila Yolanda (autor)
Diğer Yazarlar: Rodríguez Muñoz, María Teresa de los Angeles (autor) (autor)
Materyal Türü: Tez Kitap
Dil:İspanyolca
Konular:
Etiketler: Etiketle
Etiket eklenmemiş, İlk siz ekleyin!

MARC

LEADER 00000nam^a2200000^a^4500
001 000111179
005 20250521000000.0
009 20260310093822.612
037 |a Acervo ITESO - Biblioteca 
041 |a ESP 
090 |a ARQ. 522 
100 |a Moreno Charfen, Laila Yolanda  |e (autor) 
245 1 0 |a Proyecto para el núcleo de servicios turísticos para la isla de Mezcala /  |c L.Y. Moreno Charfen, M.T.A. Rodríguez Muñoz. 
264 |a Guadalajara, México :  |b edición de autor,  |c 2000 
300 |a 110 p. 
336 |a texto  |b txt  |2 rdacontenido 
337 |a sin mediación  |b n  |2 rdamedio 
338 |a volumen  |b nc  |2 rdasoporte 
502 |a ITESO Tesis de Licenciatura en Arquitectura 
649 |a XX 
650 |a Centros Turísticos -  |z Mezcala, Jalisco 
650 |a Hoteles -  |z Mezcala, Jalisco 
650 |a Diseño Arquitectónico 
650 |a Arquitectura 
700 |a Rodríguez Muñoz, María Teresa de los Angeles  |e (autor) 
910 |a Fondo General 
920 |a Impresos - Tesis del ITESO 
930 |a Colección General 
905 |a 104 
901 |a 0500048521  |b IT2  |c TSS  |u 20250521 
902 |a https://opac.biblio.iteso.mx/vufind/Record/000111179